00726nam a2200181 i 450000100060000000300090000600500170001500700030003200800410003510000210007624501110009725000420020826000670025030000300031765000200034765000240036785201530039137061ES-MaACL20250725062531.0t|030220s1947 fr ||||1| fre d1 aBruhat, Georges.10aCours de Physique génerale a l'usage de l'enseignement superieur...b: electricité / cGeorges Bruhat. a5eme ed., rev. et corr., 2eme tirage. aParís : bMasson et Cie, c1947 (ePoitiers : fMarc Texier) a762 p. : bil. ; c24 cm. 7aFísica2embne 7aElectricidad2embne aES-MaACLjD-6391 bR.31819bR.M.5986cSVIfSello en tinta azul de la Biblioteca del Ateneo de MadridxEncuadernación hoalndesa en tela azul marino